000 00365cam-a2200133u--4500
001 000001274
005 20200929145528.0
008 820604t19541953fr------------000-0-eng--
040 _aDO-SdBNP
_bspa
_cBNPHU
100 1 _aCamus, Albert,
_d1913-1960.
_94231
245 1 0 _aL'étranger, roman.
260 _aParis, :
_bGallimard,
_c[1954, c1953].
300 _a171 p. ;
_c19 cm.
999 _c1217
_d1217